Child health and paediatrics for nurses, heatlh visitors and social workers/ (Record no. 8752)

MARC details
000 -LEADER
fixed length control field 01025nam a2200349 a 4500
001 - CONTROL NUMBER
control field vtls000002858
003 - CONTROL NUMBER IDENTIFIER
control field NLI
005 - DATE AND TIME OF LATEST TRANSACTION
control field 20210601180429.0
008 - FIXED-LENGTH DATA ELEMENTS--GENERAL INFORMATION
fixed length control field 101125s1958 enka 001 0 eng
020 ## - INTERNATIONAL STANDARD BOOK NUMBER
Terms of availability Rs. 2.00
039 #9 - LEVEL OF BIBLIOGRAPHIC CONTROL AND CODING DETAIL [OBSOLETE]
-- 201011250009
-- VLOAD
040 0# - CATALOGING SOURCE
Original cataloging agency NLI
Language of cataloging eng
Transcribing agency VERGIS-2003
044 ## - COUNTRY OF PUBLISHING/PRODUCING ENTITY CODE
MARC country code enk
082 04 - DEWEY DECIMAL CLASSIFICATION NUMBER
Classification number 610.7362
100 1# - MAIN ENTRY--PERSONAL NAME
Personal name Todd, R. McL
Fuller form of name (Robert McLaren)
9 (RLIN) 19193
245 10 - TITLE STATEMENT
Title Child health and paediatrics for nurses, heatlh visitors and social workers/
Statement of responsibility, etc. R. McL. Todd
260 ## - PUBLICATION, DISTRIBUTION, ETC.
Place of publication, distribution, etc. London:
Name of publisher, distributor, etc. William Heinemann Medical Books,
Date of publication, distribution, etc. 1958
300 ## - PHYSICAL DESCRIPTION
Extent 238 p.:
Other physical details ill.;
Dimensions 18cm.
500 ## - GENERAL NOTE
General note Includes index
650 #0 - SUBJECT ADDED ENTRY--TOPICAL TERM
Topical term or geographic name entry element Children
General subdivision Health and hygiene
9 (RLIN) 13764
650 #0 - SUBJECT ADDED ENTRY--TOPICAL TERM
Topical term or geographic name entry element Child care
9 (RLIN) 3537
650 #0 - SUBJECT ADDED ENTRY--TOPICAL TERM
Topical term or geographic name entry element Paediatrics
9 (RLIN) 19194
887 ## - NON-MARC INFORMATION FIELD
Content of non-MARC field A.Kannan
901 ## - LOCAL DATA ELEMENT A, LDA (RLIN)
a 331477
b 09/03/1960
902 ## - LOCAL DATA ELEMENT B, LDB (RLIN)
a E 610.7362 T 566
903 ## - LOCAL DATA ELEMENT C, LDC (RLIN)
a 12/02/2004
904 ## - LOCAL DATA ELEMENT D, LDD (RLIN)
a A.Kannan
906 ## - LOCAL DATA ELEMENT F, LDF (RLIN)
a 000586
949 ## - LOCAL PROCESSING INFORMATION (OCLC)
-- VIRTUAITEM
-- 10000
-- 1
-- 100
6 PUR000331477ENG
a E 610.7362 T566
942 ## - ADDED ENTRY ELEMENTS (KOHA)
Source of classification or shelving scheme Dewey Decimal Classification
Koha item type Books
Holdings
Withdrawn status Lost status Damaged status Not for loan Collection code Home library Current library Shelving location Date acquired Total Checkouts Full call number Barcode Date last seen Price effective from Koha item type
        New English National Library of India National Library of India New English - Main Stack Division     E 610.7362 T 566 PUR000331477ENG 01/06/2021 01/06/2021 Books
                                                                           
web counter

Copyright ©2020 The National Library of India, Govt. of India ↔ Hosted by NVLI, MOC ↔ Technology and Design by National Library of India, Ministry of Culture, Govt. of India